The history of India as told by its own historians : (Record no. 577367)
[ view plain ]
| 000 -LEADER | |
|---|---|
| fixed length control field | 00986nam a2200325 a 4500 |
| 001 - CONTROL NUMBER | |
| control field | vtls001276132 |
| 003 - CONTROL NUMBER IDENTIFIER | |
| control field | NLI |
| 005 - DATE AND TIME OF LATEST TRANSACTION | |
| control field | 20250820150918.0 |
| 008 - FIXED-LENGTH DATA ELEMENTS--GENERAL INFORMATION | |
| fixed length control field | 120416s1953 ii b g 000 0 eng |
| 040 ## - CATALOGING SOURCE | |
| Original cataloging agency | NLI |
| Language of cataloging | eng |
| Transcribing agency | Datasoft_G&E |
| Description conventions | AACR2 |
| 041 0# - LANGUAGE CODE | |
| Language code of text/sound track or separate title | eng |
| 044 ## - COUNTRY OF PUBLISHING/PRODUCING ENTITY CODE | |
| MARC country code | ii |
| 082 04 - DEWEY DECIMAL CLASSIFICATION NUMBER | |
| Edition number | 23rd ed. |
| Classification number | 954.02 |
| Item number | H 629 |
| 240 10 - UNIFORM TITLE | |
| Uniform title | Mirat-i Sikanciar. |
| Language of a work | English |
| 245 04 - TITLE STATEMENT | |
| Title | The history of India as told by its own historians : |
| Remainder of title | the Muhammadan period / |
| Statement of responsibility, etc. | by edited by John Dowson |
| 260 ## - PUBLICATION, DISTRIBUTION, ETC. | |
| Place of publication, distribution, etc. | Calcutta : |
| Name of publisher, distributor, etc. | Susil Gupta, |
| Date of publication, distribution, etc. | 1953 |
| 300 ## - PHYSICAL DESCRIPTION | |
| Extent | 158 p. : |
| Other physical details | map. ; |
| Dimensions | 23 cm. |
| 650 #0 - SUBJECT ADDED ENTRY--TOPICAL TERM | |
| Topical term or geographic name entry element | Gujarat (India) |
| General subdivision | History |
| 9 (RLIN) | 698515 |
| 650 #0 - SUBJECT ADDED ENTRY--TOPICAL TERM | |
| Topical term or geographic name entry element | Muslims |
| Geographic subdivision | India |
| 9 (RLIN) | 685125 |
| 650 #0 - SUBJECT ADDED ENTRY--TOPICAL TERM | |
| Topical term or geographic name entry element | Finance |
| Geographic subdivision | India |
| -- | Gujarat |
| 9 (RLIN) | 698516 |
| 651 #0 - SUBJECT ADDED ENTRY--GEOGRAPHIC NAME | |
| Geographic name | India |
| General subdivision | History |
| 700 1# - ADDED ENTRY--PERSONAL NAME | |
| Personal name | Dowson, John, |
| Dates associated with a name | 1820-1881, |
| Relationship | edt |
| 9 (RLIN) | 698517 |
| 887 ## - NON-MARC INFORMATION FIELD | |
| Content of non-MARC field | Bahailu (Int) |
| 887 ## - NON-MARC INFORMATION FIELD | |
| Content of non-MARC field | Pravinbp1 |
| 901 ## - LOCAL DATA ELEMENT A, LDA (RLIN) | |
| a | G39137 |
| b | 27.06.2006 |
| 902 ## - LOCAL DATA ELEMENT B, LDB (RLIN) | |
| a | E 954.02 H 629 |
| 904 ## - LOCAL DATA ELEMENT D, LDD (RLIN) | |
| l | 39137 |
| 942 ## - ADDED ENTRY ELEMENTS (KOHA) | |
| Source of classification or shelving scheme | Dewey Decimal Classification |
| Koha item type | Books |
| 949 ## - LOCAL PROCESSING INFORMATION (OCLC) | |
| 6 | GIF000039137ENG |
| Withdrawn status | Lost status | Source of classification or shelving scheme | Materials specified (bound volume or other part) | Damaged status | Not for loan | Collection code | Home library | Current library | Shelving location | Date acquired | Source of acquisition | Full call number | Barcode | Date last seen | Price effective from | Koha item type |
|---|---|---|---|---|---|---|---|---|---|---|---|---|---|---|---|---|
| Dewey Decimal Classification | pbk. | New English | National Library of India | National Library of India | New English - Main Stack Division | 27/06/2006 | GIF | E 954.02 H 629 | GIF000039137ENG | 27/06/2021 | 27/06/2021 | Books |
